Language Quiz

Random Language or Typing Quiz

3 Letter Anagram Blitz Quiz Stats

 Plays Quiz Updated Oct 9, 2014

Challenge
Share
Tweet
Embed
Score 0/24 Timer 01:00
1 Play Today
Clue Anagram % Correct
????
100%
????
99.7%
????
99.5%
????
97.1%
????
96.3%
????
95.9%
????
95.3%
????
94.6%
????
92.1%
????
90.9%
????
88.6%
????
87.3%
Clue Anagram % Correct
????
85.9%
????
80.3%
????
75.8%
????
73.2%
????
66.7%
????
63.4%
????
59.7%
????
47.6%
????
41.4%
????
36%
????
31.2%
????
27.4%

You're not logged in!

Compare scores with friends on all Sporcle quizzes.
OR
Log In

You Might Also Like...

Show Comments

Extras

Top Quizzes Today


Score Distribution

Your Account Isn't Verified!

In order to create a playlist on Sporcle, you need to verify the email address you used during registration. Go to your Sporcle Settings to finish the process.

Report this User

Report this user for behavior that violates our Community Guidelines.

Details: